000 00451nam a2200193 a 4500
001 1766052739280
003 ACL
005 20251218154431.0
008 251218s1998##################000#0#eng##
020 _a9780684852645
082 0 4 _a641.5945
_bENG
100 1 _aEnglish, Todd,
_eauthor.
245 1 0 _aThe :
260 _bSimon and Schuster,
_c1998.
300 _a248 pages
650 0 _aCooking.
942 _cENGLISH
040 _aACL
_beng
_cACL
999 _c603194
_d603194